Statistics for German Football Champions 2000-2023

Click here to take the quiz!

General Stats

  • This quiz has been taken 181 times
  • The average score is 4 of 5

Answer Stats

HintAnswer% Correct
Last 22/23Bayern München
99%
Last 11/12Borussia Dortmund
94%
Last 08/09Vfl Wolfsburg
86%
Last 03/04Werder Bremen
80%
Last 06/07Vfb Stuttgart
69%

Score Distribution

Percentile by Number Answered

Percent of People with Each Score

Your Score History

You have not taken this quiz